|
|
|
|
| LEADER |
00749nam a22002297a 4500 |
| 001 |
AAL1107 |
| 003 |
BD-DhAAL |
| 005 |
20160124162205.0 |
| 008 |
160124s 1990enk||||| |||| 00| 0 eng d |
| 020 |
|
|
|a 0003709329
|
| 040 |
|
|
|a BD-DhAAL
|c BD-DhAAL
|
| 082 |
|
|
|a 423
|
| 100 |
|
|
|a Sinclair, John
|9 17544
|
| 245 |
|
|
|a Collins cobuild student's dictionary /
|c John Sinclair
|
| 260 |
|
|
|a London :
|b HarperCollins,
|c 1990.
|
| 300 |
|
|
|a xx, 681 p. ;
|c 21 cm.
|
| 541 |
|
|
|e 1107
|
| 650 |
|
|
|a Angol nyelv
|x magyarázó szótár.
|9 17545
|
| 650 |
|
|
|a student's dictionary
|9 17546
|
| 942 |
|
|
|2 ddc
|c BK
|
| 999 |
|
|
|c 36674
|d 36674
|
| 952 |
|
|
|0 0
|1 0
|2 ddc
|4 0
|6 423_000000000000000_SIN
|7 0
|9 57681
|a SCL
|b SCL
|c GEN
|d 2016-01-24
|l 0
|o 423 SIN
|p 3020001107
|r 2016-01-24
|t 1
|w 2016-01-24
|y BK
|